00422nam a2200193Ia 4500008004000000041000800040082001200048100000600060245004100066260004900107300000700156650000700163650001100170650000800181650001200189650000900201650000900210650000900219210210b1947 xxu||||| |||| 00| 0 eng d aeng a960/104 a- aIAS Indian history from 1947 to date aNew DelhibCareers Digest Publicationsc1947 a26 ato aIndian aIAS ahistory afrom adate a1947